000 00359nam a22001697a 4500
003 UA-OsUOA
001 4286
007 ta
008 20050721b un ||||| |||| 00| 0 ukr d
100 _aPalmer
700 _aJames O.
942 _cBK
040 _aUA-OsUOA
_cUA-OsUOA
_dUA-OsUOA
245 _aPerspectives in Psychopathology.
955 _a2
650 7 _2UDC
999 _c290448
_d290448